000 00626cam a2200241L 4500
001 86660
005 20230410132613.0
008 930122s1957 enk u000 0 eng d
035 _a(OCoLC)ocn490838020
040 _aZWZ
_encafnor
_bfre
_cZWZ
029 0 _aZWZ
_b064580474
035 _a(OCoLC)490838020
049 _aGRAL
050 1 4 _aPR 6007
_bD965j 1957
100 1 _aDurrell, Lawrence
245 1 0 _aJustine /
_cby Lawrence Durrell.
260 _aLondon :
_bFaber and Faber,
_c1957.
300 _a229 p. ;
_cIn-16À (20,5 cm)
653 _aLove stories.
942 _2lcc
_cbk
994 _aC0
_bDRFGD
946 _aJP
999 _c84485
_d84485